000 00820nam a2200229Ia 4500
001 555
003 GE_BSU
008 181216s||||||||xx |||||||||||||| ||und||
020 _a978994100537
040 _cGE_BSU
080 _a376.3
245 _aვისწავლოთ ერთად. ინკლუზიური განათლება
245 _cრედ. პაჭკორია თათია
260 _aთბილისი
260 _c2008
300 _a512 გვ
541 _h18 ლ
653 _aვისწავლოთ ერთად
653 _aინკლუზიური განათლება;
653 _aშეზღუდული შესაძლებლობების მქონე პირთა განათლება;
942 _cBK
999 _c34757
_d34757